000 00468nam a2200181Ia 4500
001 9734
005 20260306161740.0
008 260306t2003||||xx |||||||||||||| ||spa||
041 _aESP
082 _a410
_bG28 2003
100 _aGatti Murriel, Carlos
_eAUT
245 0 _aTécnicas de lectura y redacción:
_bLenguaje científico y académico
260 _c2003
300 _a220 páginas :
_c20 cm.
650 _aGEN
654 _aCED
942 _cLIB
_dJUS
_fJUS
_2ddc
_n
999 _c9734
_d9734